LEADER 03024nam a2200493 a 4500 001 000000123367 003 CaOOAMICUS 005 20101014120139.0 008 101014t2010 vc do 011 u mul r 020 $a978-88-209-8351-2 (v. 1-2) 020 $a978-88-209-8352-9 (v. 3-4) 040 $aPUL$bita 245 01$a"Iustitia et iudicium" :$bstudi di diritto matrimoniale e processuale canonico in onore di Antoni Stankiewicz /$ca cura di Janusz Kowal e Joaquín Llobell. 260 $aCittà del Vaticano :$bLibreria editrice vaticana,$c©2010. 300 $a4 v. :$bfotogr. color., grafici ;$c24 cm 490 1 $aStudi giuridici ;$v089 500 $aIn testa al front.: Pontificia Università Gregoriana - Pontificia Università della Santa Croce. 504 $aBibliografia di s.e.r. mons. Antoni Stankiewicz: p. 31-44. 504 $aBibliografia e indice. 546 $aContributi in italiano, tedesco, francese, spagnolo e inglese. 600 14$aStankiewicz, Antoni,$csac.,$d1935-$0(OLS)http://pul/subject/37249 650 4$aMatrimonio (diritto canonico)$zItalia.$0(OLS)http://pul/subject/21820 700 1 $aStankiewicz, Antoni,$csac.,$d1935-$0(OLS)http://pul/name/77659 700 1 $aKowal, Janusz,$cS.I.,$d1962-$0(OLS)http://pul/name/77660 700 1 $aLlobell, Tuset Joaquín.$0(OLS)http://pul/name/33099 710 2 $aPontificia Università Gregoriana.$0(OLS)http://pul/name/147 710 2 $aPontificia Università della Santa Croce.$0(OLS)http://pul/name/34654 830 0$aStudi giuridici (Libreria editrice Vaticana) ;$v089.$0(OLS)http://pul/title/782 850 $aPUL 852 $aPUL$W1$xSL Diritto Canonico 3$y77$m262. 99 CAN.6 2.89.1$j141984$bv.1$qDDC 21$B140952$CPULBib$Z2$F140952 $H115023 $82 852 $aPUL$W1$xSL Diritto Canonico 3$y77$m262. 99 CAN.6 2.89.2$j141985$bv.2$qDDC 21$B140953$CPULBib$Z2$F140953 $H115024 $82 852 $aPUL$W1$xSL Diritto Canonico 3$y77$m262. 99 CAN.6 2.89.4$j141987$bv.4$qDDC 21$B140955$CPULBib$Z2$F140955 $H115026 $82 852 $aPUL$W1$xSL Diritto Canonico 3$y77$m262. 99 CAN.6 2.89.3$j198009$bv.3$qDDC 21$B140954$CPULBib$Z2$F140954 $H115025 $82 910 $aPontificia Universitas Gregoriana$9147 910 $aCentro Accademico Romano della Santa Croce.$kTesi$934654 910 $aCentro Accademico Romano della Santa Croce.$kTesi$934654 910 $aAteneo Romano della Santa Croce.$kTesi$934654 910 $aAteneo Romano della Santa Croce.$kTesi$934654 941 1 $a9 996 $6020$a978-88-209-8351-2 (v. 1-2)$9(OLS)http://pul/number/145630 996 $6020$a978-88-209-8352-9 (v. 3-4)$9(OLS)http://pul/number/145631 996 $6245$a"Iustitia et iudicium" :$bstudi di diritto matrimoniale e processuale canonico in onore di Antoni Stankiewicz$9(OLS)http://pul/title/155479 996 $6260$aCittà del Vaticano :$bLibreria editrice vaticana$9(OLS)http://pul/publisher/47920 LEADER 00891naa a2200193 u 4500 001 000000095145 003 CaOOAMICUS 005 20070226130141.0 008 040602s1968 gw u000 u ger u 035 $a10997495 040 $aIAR$bita 100 1 $aTschi?ewskij, Dmitrij.$0(OLS)http://pul/name/61057 245 10$aKirchenslavische Literatur bei den Westslaven /$cDmitrij Tschi?ewskij. 260 $aWiesbaden :$bHarrassowitz,$c1968. 300 $av.4, S. 13-28, ;$c24 cm 773 0 $aCyrillo-methodianische Fragen; Slavische Philologie und Altertumskunde. 773 0 $aCongresso internazionale di storia slava.$tActa congressus historiae Slavicae Salisburgensis in memoriam ss. Cyrilli et Methodii anno 1963 celebrati$w()12921 996 $6245$aKirchenslavische Literatur bei den Westslaven$9(OLS)http://pul/title/122024 996 $6260$aWiesbaden :$bHarrassowitz$9(OLS)http://pul/publisher/53801 LEADER 01058nam a2200253 a 4500 001 000000169932 003 CaOOAMICUS 005 20181011130252.0 008 181011s1974 gw 000 u ger r 032 $aLibriCat 040 $aPul$bita 100 1 $aBernard, Wolfgang.$0(OLS)http://pul/name/109357 245 10$aSpätantike Dichtungstheorien :$bUntersuchungen zu Proklos, Herakleitos und Plutarch /$cvon Wolfgang Bernard. 260 $aStuttgart :$bTeubner,$c©1990. 300 $aXXII, 316 p. ;$c24 cm. 490 1 $aBeiträge zur Altertumskunde ;$v03 650 4$aPoesia greca.$0(OLS)http://pul/subject/5845 830 0$aBeiträge zur Altertumskunde ;$v03.$0(OLS)http://pul/title/140329 850 $aPUL 852 $aPUL$W1$xDP1 Fondo Seidl$y56$m4 C 51$j176882$qFondi$B198051$CPULBib$Z2$F198051 $81 941 1 $a1 996 $6245$aSpätantike Dichtungstheorien :$bUntersuchungen zu Proklos, Herakleitos und Plutarch$9(OLS)http://pul/title/210601 996 $6260$aStuttgart :$bTeubner$9(OLS)http://pul/publisher/86931